Football : SRFC Rennes - Statistiques

Statistiques générales
  • Ce quiz a été pris 393 fois
  • Le résultat moyen est 12 sur 16
Statistiques - réponses
Questions Réponses % Correct
Quelles sont les deux couleurs emblématiques de Rennes ? Rouge et Noir
99%
Que signifie le sigle SRFC ? Stade Rennais Football Club
98%
En quelle année a été glanée la dernière coupe de France ? 2019
95%
Combien de championnat le club breton a-t-il remporté ? 0
94%
Quel jeune milieu de terrain français évoluait à Rennes avant de signer pour le Réal Madrid en 2021 ? Eduardo Camavinga
93%
Comment s'appelle le Stade de Rennes ? Roazhon Park
93%
Contre quelle équipe jouait elle cette finale ? Paris Saint Germain
92%
Quelle fratrie de joueur évoluait à rennes avant de quitter le club en 2024, l'un au PSG et l'autre à Strasbourg ? Doué
90%
En quelle année a été fondée le club breton ? 1901
88%
Quel attaquant brésilien, évoluant désormais au Barça a fait les beaux jours du Stade Rennais entre 2019 et 2020 ? Raphinha
83%
Quel gardien tchèque évoluait à rennes avant de signer à Chelsea, sous les ordres de José Mourinho ? Petr Cech
81%
Quel latéral rennais a joué la totalité de sa carrière du côté de Rennes ? Romain Danzé
69%
Quel était son ancien nom ? Stade de la route de Lorient
69%
Quel attaquant suisse a marqué son empreinte à Rennes au début des années 2000 ? Alex Frei
60%
Qui est le meilleur buteur du Stade Rennais ? Jean Grumellon
15%
Qui est le joueur le plus capé de Rennes ? Yves Boutet
10%
Aucun quiz correspondant
Distribution des résultats
% des personnes avec chaque résultat
Percentile par nombre de réponses
Votre historique - résultats
Vous n’avez pas pris ce quiz